Govt. of
Madhya Pradesh

Selected Talkes On Sri Aurobindo (Record no. 16729)

MARC details
000 -LEADER
fixed length control field 005030000a22001930004500
001 - CONTROL NUMBER
control field 004846
003 - CONTROL NUMBER IDENTIFIER
control field MACL
005 - DATE AND TIME OF LATEST TRANSACTION
control field 20150919150933.0
008 - FIXED-LENGTH DATA ELEMENTS--GENERAL INFORMATION
fixed length control field 150919b xxu||||| |||| 00| 0 eng d
040 ## - CATALOGING SOURCE
Original cataloging agency MACL
Transcribing agency MACL
041 ## - LANGUAGE CODE
Language code of text/sound track or separate title English
082 ## - DEWEY DECIMAL CLASSIFICATION NUMBER
Classification number 825
100 ## - MAIN ENTRY--PERSONAL NAME
Personal name Bhattacharyya, Supriyo
9 (RLIN) 12062
245 ## - TITLE STATEMENT
Title Selected Talkes On Sri Aurobindo
Statement of responsibility, etc. Supriyo Bhattacharyya
260 ## - PUBLICATION, DISTRIBUTION, ETC. (IMPRINT)
Place of publication, distribution, etc. Kolkata
Date of publication, distribution, etc. 2004
Name of publisher, distributor, etc. Sri Aurobindo Ashram,
350 ## - PRICE (NR) (BK AM CF MU VM SE) [OBSOLETE]
Price 30
650 ## - SUBJECT ADDED ENTRY--TOPICAL TERM
Topical term or geographic name as entry element English Speeches
9 (RLIN) 11956
942 ## - ADDED ENTRY ELEMENTS (KOHA)
Call number prefix 825
Koha item type Books
Source of classification or shelving scheme
Holdings
Withdrawn status Lost status Source of classification or shelving scheme Damaged status Not for loan Home library Current library Date acquired Cost, normal purchase price Total Checkouts Full call number Barcode Date last seen Uniform Resource Identifier Price effective from Koha item type
          MACL MACL 15/04/2015 30.00   825 CRE019966 02/05/2024 16641 15/04/2015 Books